01469cam a2200349 a 4500001000800000003000400008005001700012007000400029008004100033010001700074020001500091040001900106043001200125050002700137082002500164245013700189260010300326300003400429440003800463500004200501500018700543504006400730650002900794650003000823651003900853700002100892700001900913710001600932710005600948740002601004856008901030103682200020170727094647.0000891116s1990 enka b 001 0 eng  a 89026665  a0195208226 aUOELcDLCdDLC aa-cc---00aHC427.92b.C46553 199000a338.951/009173/422000aChina's rural industry =b[Hsiang chen kung yeh] : structure, development, and reform /cedited by William A. Byrd and Lin Qingsong. aOxford [England] ;aNew York :bPublished for the World Bank [by] Oxford University Press,cc1990. axiv, 445 p. :bill. ;c25 cm. 2aA World Bank research publication aParallel title in Chinese characters. aRevised papers from an international conference held in Beijing, Nov. 4-7, 1987, sponsored by the World Bank and the Institute of Economics of the Chinese Academy of Social Sciences. aIncludes bibliographical references (p. 427-431) and index. 0aRural industrieszChina. 0aIndustrial policyzChina. 0aChinaxEconomic policyy1976-2000.1 aByrd, William A.1 aLin, Qingsong.2 aWorld Bank.2 aZhongguo she hui ke xue yuan.bJing ji yan jiu suo.0 aHsiang chen kung yeh.423Publisher descriptionuhttp://www.loc.gov/catdir/enhancements/fy0603/89026665-d.html